000 00446nam a2200181Ia 4500
005 20240823054130.0
008 240823s9999||||xx |||||||||||||| ||und||
020 _a978-93-84608-18-7
041 _aENGLISH
082 _A621.382 Q6
100 _aMarypraveena S
245 0 _aWireless Communication
250 _a1st
260 _c2016
_bARS Publica
500 _aTRANSFERED
650 _aWireless Communication
_bElectronics
942 _cBK
999 _c225747
_d225747